000 00449nam a2200133 4500
082 _a621.56
_bAND
_cL-8, P-30
100 1 _aAnderson, Edwin P.,
_941838
245 1 0 _aAudels refrigeration and air conditioning guide-I
_bHome refrigeration and air conditioning
_cby Edwin P. Anderson.
260 _aBombay
_bD.B Traporevala sons & co.
300 _a566 p.
_billus.
526 _a0
_b0
_c0
_d621_560000000000000_AND
650 0 _aMCE
_9379
942 _2ddc
_cBK
999 _c545910
_d545910